| 000 | 00808cam6a220025300 4500 | ||
|---|---|---|---|
| 001 | qcf00126902 | ||
| 005 | 20190816090103.0 | ||
| 008 | 720103s1971 fr b 000 0 fre | ||
| 010 | _a 77861402 | ||
| 035 | _a(Sirsi) r124226 | ||
| 035 | _a(QCAT)lss00131310 | ||
| 035 | _a(UPRA)qcf00126902 | ||
| 040 | _dUPRA | ||
| 050 | 0 |
_aPQ2631.R63 _bZ925 |
|
| 100 | 1 |
_aTadie, Jean-Yves, 1936- _dTadie, Jean-Yves, 1936- _6A92351.1 |
|
| 245 | 1 | 0 | _aLectures de Proust. |
| 260 |
_aParis : _bA. Colin, _c[1971] |
||
| 490 | 0 |
_aCollection U2, 169. Serie Lectures _6S13874.1 |
|
| 504 | _aBibliography: p. [259]-276. | ||
| 504 | _aBibliographical footnotes. | ||
| 600 | 1 | 0 |
_aProust, Marcel, 1871-1922. _dProust, Marcel, 1871-1922. _6S34853.1 |
| 949 |
_aPQ2631.R63 _wlcc _i-178462 _mMAIN _tBOOK _lON-SHELF |
||
| 004 | 124226 | ||
| 999 |
_c81008 _d81008 |
||